TVD Character Quotes - Statistics

General Stats
  • This quiz has been taken 918 times
  • The average score is 11 of 15
Answer Stats
Quote Answer % Correct
Life sucks. Get a helmet. Damon Salvatore
95%
We choose our own path. Our values and our actions, they define who we are. Stefan Salvatore
94%
We met and we talked and it was epic. Then the sun came up and reality set in. Elena Gilbert
92%
I know you said to kill her with kindness, but can’t I just kill her. Caroline Forbes
87%
I'm so sorry this happened, but I lost Elena too, Damon. And you're one of the few reminders I have of her to hold on to so you can either resent me or love me, but you're stuck with me. Bonnie Bennett
84%
You build your army so big that no one will dare pick a fight. Klaus Mikaelson
83%
I need some air. I'm still feeling a tad...dead. Elijah Mikaelson
79%
There is something fundamentally wrong with you. Rebekah Mikaelson
75%
Oh, you're angry are you? Well join the party! I've been here 1,000 years. I was builiding that dagger to protect myself against you, Nik. I'm not the bad guy in this chapter of our family's story. I'm the wronged, I'm the dead, but never mourned. And whilst you got everythng you ever wanted, I got a family who didn't care if I lived or if I died. Kol Mikaelson
74%
Because I was there when she gave birth to you, Elena. I saw how heartbroken she was to give you up. And, because she was the first girl I ever loved. John Gilbert
71%
Humanity is our greatest weakness. No matter how easy it is to turn it off, it keeps trying to fight it's way back in -Sometimes I let it. Katherine Pierce
68%
Yeah, turns out a social life isn't as much fun as kicking vampire ass. Jeremy Gilbert
67%
You can't possibly hate me more than I hate myself. Matt Donovan
61%
Think about that moment when you knew this person was somebody you had feelings for that you loved. And you could see those feelings going on forever. Trust me, you never forget. Alaric Saltzman
59%
Let's get one thing straight, you perky little bitch. You had my brother whipped for fifteen years. Fifteen years, and then you dumped him. When I look at you, that is all I see. Just so you know. And I'm gonna see Jeremy whenever I wanna see Jeremy, because I have some fun new toys to play with, and I won't think twice about ripping your little head of. You got it? Vicky Donovan
43%
No matching quizzes found
Score Distribution
Percent of People with Each Score
Percentile by Number Answered
Your Score History
You have not taken this quiz